Loading...
| Literature - World | 0 | 3 | 1 | 1 | 25 | 27 | 77.67 | 0 | 3 | 0.00 | 0.00 |
| Fine Arts - Other | 0 | 2 | 0 | 0 | 20 | 49 | 80.50 | 1 | 2 | 0.00 | 0.00 |
| Religion | 0 | 2 | 0 | 1 | 20 | 90 | 118.00 | 1 | 2 | 0.00 | 0.00 |
| Literature - American | 0 | 2 | 1 | 0 | 15 | 92 | 113.00 | 0 | 2 | 0.00 | 0.00 |
| Fine Arts - Classical Music | 0 | 2 | 1 | 1 | 15 | 119 | 126.50 | 1 | 1 | 0.00 | 0.00 |
| Literature - European | 0 | 1 | 0 | 0 | 10 | 106 | 106.00 | 0 | 1 | 0.00 | 0.00 |
| Fine Arts - Painting and Sculpture | 0 | 1 | 0 | 0 | 10 | 132 | 132.00 | 0 | 1 | 0.00 | 0.00 |
| History - American | 0 | 1 | 0 | 1 | 10 | 122 | 122.00 | 0 | 0 | 0.00 | 0.00 |
| History - World | 0 | 1 | 0 | 0 | 10 | 82 | 82.00 | 0 | 0 | 0.00 | 0.00 |
| Mythology | 0 | 1 | 0 | 0 | 10 | 134 | 134.00 | 0 | 1 | 0.00 | 0.00 |
| Pop Culture | 0 | 1 | 0 | 0 | 10 | 32 | 32.00 | 0 | 1 | 0.00 | 0.00 |
| Science - Biology | 0 | 1 | 0 | 0 | 10 | 83 | 83.00 | 0 | 0 | 0.00 | 0.00 |
| History - Other | 0 | 1 | 1 | 1 | 5 | 127 | 127.00 | 0 | 0 | 0.00 | 0.00 |
| History - European | 0 | 1 | 1 | 0 | 5 | 77 | 77.00 | 0 | 1 | 0.00 | 0.00 |
| Other Academic | 0 | 1 | 1 | 0 | 5 | 86 | 86.00 | 0 | 1 | 0.00 | 0.00 |
| Science - Other | 0 | 0 | 1 | 0 | -5 | 0.00 | 0 | 0 | 0.00 | 0.00 | |
| Philosophy | 0 | 0 | 2 | 0 | -10 | 0.00 | 0 | 0 | 0.00 | 0.00 |